The O'Leary series: Microsoft Office Word. (Record no. 1946)

MARC details
005 - DATE AND TIME OF LATEST TRANSACTION
control field 20250506122404.0
020 ## - INTERNATIONAL STANDARD BOOK NUMBER
International Standard Book Number 978-0-07-283533-5
082 ## - DEWEY DECIMAL CLASSIFICATION NUMBER
Classification number LECT 005.54 O'LE
100 ## - MAIN ENTRY--PERSONAL NAME
Author name O'LEARY T, J.
245 ## - TITLE STATEMENT
Title The O'Leary series: Microsoft Office Word.
260 ## - PUBLICATION, DISTRIBUTION, ETC.
Place of publication, distribution, etc. London,
Name of publisher, distributor, etc. McGraw-Hill,
Date of publication, distribution, etc. 2004.
300 ## - PHYSICAL DESCRIPTION
Extent xxvi, ill.; figures, pictures, tables.
Other physical details index,
Dimensions 28cm.
700 ## - ADDED ENTRY--PERSONAL NAME
Other authors/Editors O'LEARY, L, I
856 ## - ELECTRONIC LOCATION AND ACCESS
Link text Access Online Book
Electronic name The O'Leary series: Microsoft Office Word.
Path www.mhhe.com
942 ## - ADDED ENTRY ELEMENTS (KOHA)
Source of classification or shelving scheme Dewey Decimal Classification
Koha item type Books
Holdings
Date last seen Total checkouts Full call number Barcode Cost, replacement price Price effective from Koha item type Lost status Source of classification or shelving scheme Damaged status Not for loan Withdrawn status Home library Current library Shelving location Date acquired Cost, normal purchase price
06/28/2025   004 O'LE DOM0002471 90000.00 06/28/2025 Books   Dewey Decimal Classification       CBE Dodoma CBE Dodoma General Collection 10/08/2009 30000.00
06/28/2025   004 O'LE DOM0002173 90000.00 06/28/2025 Books   Dewey Decimal Classification       CBE Dodoma CBE Dodoma General Collection 10/08/2009 30000.00
06/28/2025   004 O'LE DOM0002156 90000.00 06/28/2025 Books   Dewey Decimal Classification       CBE Dodoma CBE Dodoma General Collection 06/03/2009 30000.00
05/05/2025   LECT 005.54 O'LE 0000007510 90000.00 05/05/2025 Books   Dewey Decimal Classification       College of Business Education Main Library College of Business Education Main Library General Collection 10/08/2009 30000.00
05/06/2025   LECT 005.54 O'LE 0000007745 90000.00 05/06/2025 Books   Dewey Decimal Classification       College of Business Education Main Library College of Business Education Main Library General Collection 10/08/2009 30000.00